[Event "TCh-Moscow 2014"]
[Site "Moscow RUS"]
[Date "2014.09.30"]
[Round "3.4"]
[White "Mikhailovsky, Vladimir"]
[Black "Gavrilov, Alexei1"]
[Result "0-1"]
[BlackTitle "GM"]
[WhiteElo "1928"]
[BlackElo "2489"]
[WhiteTeam "School Chess School Anatoly Karpov"]
[BlackTeam "Palace"]
[WhiteFideId "34105414"]
[BlackFideId "4104358"]
[EventDate "2014.09.27"]

1. e4 c6 2. d4 d5 3. Nc3 dxe4 4. Nxe4 Bf5 5. Ng3 Bg6 6. Nf3 Nd7 7. h4 h6 8. h5
Bh7 9. Bd3 Bxd3 10. Qxd3 e6 11. Bd2 Ngf6 12. O-O-O Be7 13. Rhe1 O-O 14. Kb1 c5
15. dxc5 Nxc5 16. Qxd8 Rfxd8 17. Bc3 Nd5 18. Be5 Rd7 19. Rd2 Rad8 20. Red1 b5
21. Bd4 Nf4 22. Bxc5 Rxd2 23. Rxd2 Rxd2 24. Nxd2 Bxc5 25. Nge4 Bb6 26. g4 f5 27.
gxf5 exf5 28. Nd6 Bxf2 29. Nxb5 Nxh5 30. c4 g5 31. b4 Nf6 32. c5 Nd5 33. Nd6 f4
34. N2e4 Bg1 35. b5 f3 36. Nf5 Kh7 37. a4 Kg6 38. Nfg3 h5 39. a5 h4 40. Nf1 g4
41. Kc1 g3 42. Nfxg3 hxg3 43. Nxg3 Bxc5 44. Kd2 Bb4+ 45. Kd3 Bxa5 46. Ke4 Nc3+
47. Kxf3 Nxb5 48. Ke4 Nc7 49. Kd4 Bb6+ 50. Kc4 Kf6 51. Ne2 Ke5 52. Nc3 Kd6 53.
Kb3 Kc6 54. Kc4 a5 55. Kb3 Nd5 56. Ne4 Bd4 57. Nd2 Kb5 58. Nf3 a4+ 59. Ka2 Nb4+
60. Ka3 Nc2+ 61. Ka2 Kb4 62. Nd2 Na3 63. Nf3 Nb5 64. Ne1 Kc3 65. Nc2 Bc5 66. Ne1
Bf2 67. Nf3 Kc2 68. Ka1 Bd4+ 69. Ka2 Bc3 70. Ne5 Bb2 0-1

[Event "TCh-Moscow 2014"]
[Site "Moscow RUS"]
[Date "2014.09.30"]
[Round "3.4"]
[White "Kim, Alexey"]
[Black "Lugovets, Dmitry"]
[Result "1-0"]
[WhiteTitle "GM"]
[WhiteElo "2488"]
[BlackElo "1858"]
[WhiteTeam "Palace"]
[BlackTeam "School Chess School Anatoly Karpov"]
[WhiteFideId "4129776"]
[BlackFideId "34108197"]
[EventDate "2014.09.27"]

1. e4 e5 2. Nf3 Nf6 3. Nc3 Nc6 4. d4 exd4 5. Nxd4 Bb4 6. Nxc6 bxc6 7. Bd3 d5 8.
exd5 cxd5 9. O-O O-O 10. Bg5 c6 11. Qf3 Bd6 12. h3 Bd7 13. Rfd1 Be5 14. Rab1 Rb8
15. Na4 Qa5 16. b3 c5 17. Qe3 Bd4 18. Qg3 Bxa4 19. bxa4 Rxb1 20. Rxb1 c4 21. Bf5
Re8 22. Kh2 g6 23. Rb8 Qe1 24. Bxf6 Bxf6 25. Bg4 Rxb8 26. Qxb8+ Kg7 27. Qxa7 d4
28. f4 Qe3 29. Qb8 g5 30. Bf3 gxf4 31. Qc8 h5 32. Qxc4 Bh4 33. Qf1 Qa3 34. Qb1
Qxa4 35. Bxh5 Qa3 36. Kh1 Bg3 37. Bf3 Qa5 38. Qa1 f6 39. a4 Qd2 40. Qd1 Qb4 41.
Bc6 Qc3 42. Be4 Kf8 43. Bd3 Qa5 44. Qa1 Bf2 45. Qa3+ Kf7 46. Bc4+ Ke8 47. Qd3
Ke7 48. Qa3+ Kd7 49. Bb5+ Ke6 50. Qa1 Be3 51. Kh2 f3 52. gxf3 Qd2+ 53. Kh1 Kf5
54. Qf1 Kf4 55. Qg2 Bf2 56. Qg4+ Ke5 57. Qe4+ Kd6 58. Bf1 Bg3 59. Qe2 Qb4 60.
Qa6+ Ke7 61. a5 Be5 62. Qe2 Qxa5 63. f4 Qa8+ 64. Kh2 1-0

[Event "TCh-Moscow 2014"]
[Site "Moscow RUS"]
[Date "2014.09.30"]
[Round "3.4"]
[White "Vikharev, Alexey"]
[Black "Novikov, Evgenij"]
[Result "0-1"]
[WhiteElo "1843"]
[BlackElo "2156"]
[WhiteTeam "School Chess School Anatoly Karpov"]
[BlackTeam "Palace"]
[WhiteFideId "34129844"]
[BlackFideId "4125380"]
[EventDate "2014.09.27"]

1. e4 d5 2. exd5 Qxd5 3. Nc3 Qd6 4. d4 Nf6 5. Nf3 c6 6. h3 g6 7. Bc4 Be6 8. Qe2
Bxc4 9. Qxc4 Nbd7 10. O-O Bg7 11. Be3 O-O 12. Rad1 b5 13. Qd3 b4 14. Ne2 Nd5 15.
c4 bxc3 16. bxc3 Nxe3 17. fxe3 c5 18. e4 cxd4 19. cxd4 Rab8 20. e5 Qc6 21. Kh1
Rb2 22. Nc3 Rc8 23. Rc1 Bh6 24. Nd5 Qxc1 25. Rxc1 Rxc1+ 26. Kh2 e6 27. Ne7+ Kf8
28. Qe4 Rcc2 29. Ne1 Re2 30. Qh4 Bd2 31. Nd3 Rxa2 32. Nc8 Rxg2+ 33. Kxg2 Be1+
34. Nf2 Rxf2+ 35. Qxf2 Bxf2 36. Kxf2 a5 37. Ke3 Kg7 38. Nd6 Nb6 39. Kd3 g5 40.
Ne4 Kg6 41. Ng3 h5 42. Ke4 Nd5 43. Ne2 Nf4 0-1

[Event "TCh-Moscow 2014"]
[Site "Moscow RUS"]
[Date "2014.09.30"]
[Round "3.4"]
[White "Voloshin, Pavel"]
[Black "Borodin, Aleksey"]
[Result "1-0"]
[WhiteElo "2099"]
[BlackElo "1833"]
[WhiteTeam "Palace"]
[BlackTeam "School Chess School Anatoly Karpov"]
[WhiteFideId "24168017"]
[BlackFideId "34102164"]
[EventDate "2014.09.27"]

1. e4 c5 2. Nf3 e6 3. c3 d5 4. exd5 exd5 5. d4 Nf6 6. Be2 Be7 7. O-O O-O 8. Re1
Nc6 9. h3 Bf5 10. Be3 c4 11. Nbd2 b5 12. Ne5 Qc7 13. Ndf3 Rfe8 14. Nxc6 Qxc6 15.
Ne5 Qc7 16. g4 Be6 17. Kg2 b4 18. Qc2 bxc3 19. bxc3 Bd6 20. Nf3 Ne4 21. Ng5 Nxg5
22. Bxg5 f6 23. Bd2 Bf7 24. Bf3 Bf4 25. Bxf4 Qxf4 26. Qc1 Qd6 27. Rb1 Bg6 28.
Rb5 Rxe1 29. Qxe1 Re8 30. Rxd5 Qf4 31. Qd1 Rb8 32. Rc5 Bd3 33. Qe1 h6 34. Qe3
Qxe3 35. fxe3 Rb2+ 36. Kg3 Rxa2 37. Bd5+ Kf8 38. Bxc4 Bxc4 39. Rxc4 a5 40. Kf3
a4 41. Ke4 Ra1 42. Kd5 Re1 43. Rxa4 Rxe3 44. c4 Rxh3 45. c5 Rc3 46. Kd6 g6 47.
c6 f5 48. gxf5 gxf5 49. Ra5 1-0

[Event "TCh-Moscow 2014"]
[Site "Moscow RUS"]
[Date "2014.09.30"]
[Round "3.5"]
[White "Demidov, Mikhail"]
[Black "Dvalishvili, Pavel S."]
[Result "1/2-1/2"]
[WhiteTitle "IM"]
[BlackTitle "IM"]
[WhiteElo "2499"]
[BlackElo "2439"]
[WhiteTeam "Boavista"]
[BlackTeam "School Chess School Anatoly Karpov"]
[WhiteFideId "4197143"]
[BlackFideId "4121996"]
[EventDate "2014.09.27"]

1. Nf3 g6 2. g3 Bg7 3. Bg2 c5 4. d4 cxd4 5. Nxd4 Nc6 6. Nb3 d6 7. O-O Be6 8. Nc3
Bxc3 9. bxc3 Qd7 10. c4 Bh3 11. Bb2 Bxg2 12. Kxg2 Nf6 13. e4 O-O 14. Qe2 Qe6 15.
Rae1 Nd7 16. f4 f6 17. h4 Nb6 18. h5 gxh5 19. Rh1 Qxc4 20. Qxh5 Rf7 21. Rh4 Rg7
22. Re2 Qf7 23. e5 Qxh5 24. Rxh5 fxe5 25. fxe5 Nc4 26. Ba1 N4xe5 27. Nd4 Nxd4
28. Bxd4 Rc8 29. Bxe5 dxe5 30. Rhxe5 Rc3 31. Rxe7 Rcxg3+ 32. Kf2 Rg2+ 33. Kf3
Rxe2 34. Rxe2 Rf7+ 35. Kg4 Kf8 36. Kg5 Rc7 37. Kh6 b6 38. a3 Rc3 39. Kxh7 Kf7
40. Kh6 Kf6 41. Kh5 Rxa3 42. Kg4 Rc3 43. Kf4 Rc7 44. Rh2 Re7 45. Rh6+ Kf7 46.
Rh8 Kg6 47. Rg8+ Kf6 48. Ra8 Rc7 49. Ke3 Ke5 50. Kd2 Kd4 51. Rh8 Rc4 52. Kc1 Rb4
53. Rc8 Kd5 54. c3 Rg4 55. Kb2 a5 56. Rh8 Kc4 57. Rc8+ Kb5 58. Kb3 a4+ 59. Ka3
Rc4 1/2-1/2

[Event "TCh-Moscow 2014"]
[Site "Moscow RUS"]
[Date "2014.09.30"]
[Round "3.5"]
[White "Arslanov, Shamil"]
[Black "Gordievsky, Dmitry"]
[Result "0-1"]
[WhiteTitle "IM"]
[BlackTitle "FM"]
[WhiteElo "2407"]
[BlackElo "2455"]
[WhiteTeam "School Chess School Anatoly Karpov"]
[BlackTeam "Boavista"]
[WhiteFideId "4192826"]
[BlackFideId "24112798"]
[EventDate "2014.09.27"]

1. Nf3 d5 2. c4 d4 3. b4 f6 4. e3 e5 5. c5 a5 6. Bb5+ c6 7. Bc4 Bg4 8. O-O dxe3
9. fxe3 Nh6 10. d4 e4 11. h3 Bh5 12. g4 Bf7 13. Nfd2 axb4 14. Bxf7+ Nxf7 15.
Nxe4 Be7 16. Nbd2 b6 17. cxb6 O-O 18. Nc5 Bxc5 19. dxc5 Qe7 20. Nb3 Ng5 21. h4
Ne6 22. Qc2 Nd7 23. Qc4 Kh8 24. Qxb4 f5 25. gxf5 Nexc5 26. f6 gxf6 27. Nxc5 Nxc5
28. Rf5 Rg8+ 29. Kf1 Qd7 30. Qxc5 Qd1+ 31. Kf2 Rg1 32. Bb2 Rf1+ 33. Kg2 Rg8+ 34.
Rg5 Qe2+ 35. Kg3 Rf3+ 36. Kg4 Rf2+ 37. Kg3 Qf3# 0-1

[Event "TCh-Moscow 2014"]
[Site "Moscow RUS"]
[Date "2014.09.30"]
[Round "3.5"]
[White "Kukhmazov, Arsen"]
[Black "Savitskiy, Sergey"]
[Result "1-0"]
[WhiteTitle "FM"]
[BlackTitle "FM"]
[WhiteElo "2351"]
[BlackElo "2347"]
[WhiteTeam "Boavista"]
[BlackTeam "School Chess School Anatoly Karpov"]
[WhiteFideId "24108260"]
[BlackFideId "24105660"]
[EventDate "2014.09.27"]

1. d4 Nf6 2. c4 g6 3. g3 Bg7 4. Bg2 O-O 5. Nc3 d6 6. Nf3 Nc6 7. O-O Bf5 8. d5
Na5 9. Nd2 c5 10. e4 Bd7 11. Qc2 a6 12. b3 b5 13. Bb2 Rb8 14. Nd1 bxc4 15. bxc4
e6 16. Bc3 exd5 17. cxd5 Ne8 18. Ne3 Bxc3 19. Qxc3 Rb4 20. e5 dxe5 21. Ne4 Rd4
22. Nxc5 Bc8 23. f4 Nd6 24. fxe5 Nb5 25. Qc1 Qe7 26. a4 Nc4 27. Nb3 Qa7 28. Nxd4
Nxd4 29. Qxc4 Nf5 30. Rxf5 1-0

[Event "TCh-Moscow 2014"]
[Site "Moscow RUS"]
[Date "2014.09.30"]
[Round "3.5"]
[White "Babikov, Ivan"]
[Black "Nefedov, Sergey"]
[Result "1-0"]
[WhiteTitle "FM"]
[BlackTitle "FM"]
[WhiteElo "2273"]
[BlackElo "2298"]
[WhiteTeam "School Chess School Anatoly Karpov"]
[BlackTeam "Boavista"]
[WhiteFideId "4161106"]
[BlackFideId "24113417"]
[EventDate "2014.09.27"]

1. e4 d5 2. exd5 Qxd5 3. d4 Nf6 4. Nc3 Qd8 5. Bc4 Bg4 6. f3 Bf5 7. Nge2 e6 8.
O-O c6 9. Bb3 Bd6 10. Ng3 Bg6 11. Nce4 Nxe4 12. Nxe4 Be7 13. c3 Nd7 14. Ng3 Qc7
15. f4 Bd6 16. Qf3 Nf6 17. c4 O-O 18. c5 Be7 19. f5 exf5 20. Nxf5 Bxf5 21. Qxf5
Rad8 22. Be3 Nd5 23. Rae1 Bf6 24. Bf2 Qd7 25. Qf3 Rfe8 26. a3 Nc7 27. Rd1 Re7
28. Kh1 Nd5 29. Bc4 Rde8 30. b4 a6 31. h3 h6 32. Bxd5 cxd5 33. Rd2 Re4 34. Rfd1
Qa4 35. Rf1 Qb5 36. Qd3 Qxd3 37. Rxd3 Re2 38. Kg1 R8e4 39. Rfd1 Ra2 40. Re1
Rxe1+ 41. Bxe1 Kf8 42. Bf2 Ke7 43. b5 a5 44. Be1 a4 45. Kf1 Kd7 46. Bb4 Rc2 47.
Rf3 Ke6 48. Re3+ Kd7 49. Rf3 h5 50. Rf5 Ke6 51. Rf4 Rc4 52. c6 bxc6 53. b6 Kd7
54. Bc5 Rc2 55. Rf5 Ke6 56. Rxf6+ gxf6 57. b7 Rc1+ 58. Ke2 1-0

[Event "TCh-Moscow 2014"]
[Site "Moscow RUS"]
[Date "2014.09.30"]
[Round "3.5"]
[White "Denishev, Marat"]
[Black "Losev, Dmitry"]
[Result "1-0"]
[BlackTitle "IM"]
[WhiteElo "2183"]
[BlackElo "2270"]
[WhiteTeam "Boavista"]
[BlackTeam "School Chess School Anatoly Karpov"]
[WhiteFideId "24131563"]
[BlackFideId "4105958"]
[EventDate "2014.09.27"]

1. d4 g6 2. c4 Bg7 3. Nc3 d6 4. Nf3 Bg4 5. e3 c5 6. Be2 Nc6 7. d5 Bxf3 8. Bxf3
Bxc3+ 9. bxc3 Ne5 10. Be2 f5 11. O-O Nf6 12. Rb1 Qd7 13. Qc2 O-O-O 14. f3 g5 15.
f4 gxf4 16. exf4 Neg4 17. Bd3 Nh6 18. Re1 Rhg8 19. Re6 Rg7 20. Bxf5 Nxf5 21.
Qxf5 Rdg8 22. Rb2 Ne8 23. Qd3 Nc7 24. Re3 Na8 25. Rbe2 Nb6 26. Re6 Kd8 27. f5
Rf7 28. h4 Qa4 29. Bg5 Qxc4 30. Bxe7+ Kc8 31. Qxc4 Nxc4 32. f6 Kd7 33. R2e4 b5
34. g4 h6 35. Kg2 Kc7 36. Rxc4 bxc4 37. Bxd6+ Kd7 38. Kf3 Re8 39. Be7 Rb8 40.
Kf4 Rb2 41. Kf5 Rg2 42. Kg6 1-0

[Event "TCh-Moscow 2014"]
[Site "Moscow RUS"]
[Date "2014.09.30"]
[Round "3.5"]
[White "Drozdova, Dina"]
[Black "Okun, Evgeny"]
[Result "1-0"]
[WhiteTitle "WIM"]
[WhiteElo "2234"]
[BlackElo "2121"]
[WhiteTeam "School Chess School Anatoly Karpov"]
[BlackTeam "Boavista"]
[WhiteFideId "4170695"]
[BlackFideId "24131806"]
[EventDate "2014.09.27"]

1. d4 f5 2. e4 fxe4 3. Nc3 Nf6 4. Bg5 g6 5. f3 e3 6. Bxe3 Bg7 7. Qd2 d6 8. Bh6
O-O 9. Bxg7 Kxg7 10. O-O-O c6 11. h4 Qa5 12. Qe3 e5 13. dxe5 dxe5 14. Bc4 Nbd7
15. Nge2 Qc5 16. Qd3 Nb6 17. Bb3 Bf5 18. Qd6 Qxd6 19. Rxd6 Rad8 20. Rxd8 Rxd8
21. Ng3 h5 22. Re1 Re8 23. Nce4 Bxe4 24. Nxe4 Nxe4 25. Rxe4 Kf6 26. c3 Rd8 27.
Bc2 Nd5 28. g3 Rd7 29. a3 Ne7 30. Re1 Nf5 31. Rg1 c5 32. Be4 b6 33. a4 c4 34.
Bc2 Rd6 35. Bd1 a6 36. Bc2 b5 37. a5 Ne3 38. Be4 Nf5 39. Rd1 Rxd1+ 40. Kxd1 Nxg3
41. Bb7 g5 42. Bxa6 gxh4 43. Bc8 Nf5 44. Bxf5 Kxf5 45. Ke2 Kf4 46. Kf2 h3 47. a6
h2 48. Kg2 1-0

[Event "TCh-Moscow 2014"]
[Site "Moscow RUS"]
[Date "2014.10.02"]
[Round "4.1"]
[White "Popov, Ivan RUS"]
[Black "Gordievsky, Dmitry"]
[Result "0-1"]
[WhiteTitle "GM"]
[BlackTitle "FM"]
[WhiteElo "2627"]
[BlackElo "2455"]
[WhiteTeam "Palace"]
[BlackTeam "Boavista"]
[WhiteFideId "4170350"]
[BlackFideId "24112798"]
[EventDate "2014.09.27"]

1. e4 e5 2. Nf3 Nc6 3. Bb5 a6 4. Ba4 Nf6 5. O-O b5 6. Bb3 Bc5 7. c3 d6 8. a4 Bb7
9. d4 Bb6 10. Bc2 O-O 11. d5 Ne7 12. b3 h6 13. a5 Ba7 14. c4 bxc4 15. bxc4 Bc8
16. h3 Rb8 17. Nc3 Nd7 18. g4 Ng6 19. Ne2 Nf6 20. Kg2 h5 21. Bg5 hxg4 22. hxg4
Qd7 23. Nh2 Nxg4 24. Ba4 c6 25. Bxc6 Qc7 26. Ng3 Nxh2 27. Kxh2 f6 28. Bc1 Ne7
29. Ba3 Bd4 30. Ba4 f5 31. f4 Bb2 32. fxe5 Bxe5 33. Kg2 f4 34. c5 dxc5 35. Bb3
Rxb3 36. Qxb3 c4 37. d6 Bh3+ 38. Kxh3 Qd7+ 39. Kg2 cxb3 40. dxe7 f3+ 41. Rxf3
Rxf3 0-1

[Event "TCh-Moscow 2014"]
[Site "Moscow RUS"]
[Date "2014.10.02"]
[Round "4.1"]
[White "Kukhmazov, Arsen"]
[Black "Rychagov, Andrey"]
[Result "0-1"]
[WhiteTitle "FM"]
[BlackTitle "GM"]
[WhiteElo "2351"]
[BlackElo "2559"]
[WhiteTeam "Boavista"]
[BlackTeam "Palace"]
[WhiteFideId "24108260"]
[BlackFideId "4119932"]
[EventDate "2014.09.27"]

1. d4 d5 2. c4 e6 3. Nc3 Be7 4. cxd5 exd5 5. Bf4 c6 6. e3 Bd6 7. Bxd6 Qxd6 8.
Bd3 Ne7 9. Qc2 b6 10. Nge2 Ba6 11. O-O Bxd3 12. Qxd3 O-O 13. f3 Nd7 14. e4 dxe4
15. fxe4 c5 16. Nb5 Qc6 17. Rac1 a6 18. Nbc3 Qd6 19. Rfd1 cxd4 20. Qxd4 Qxd4+
21. Nxd4 Rfd8 22. Nd5 Nxd5 23. exd5 Nf6 24. Nf5 Kf8 25. d6 g6 26. Ne3 Rdc8 27.
Rc7 b5 28. Rf1 Kg7 29. g4 h6 30. h4 Rf8 31. d7 Rfd8 32. Rd1 a5 33. Kg2 Rab8 34.
b3 Nh7 35. Nd5 Nf8 36. Ne7 Rb6 37. Nc8 Re6 38. Rd5 a4 39. Kf3 axb3 40. axb3 b4
41. Rb7 Nxd7 42. Rdxd7 Rf6+ 43. Ke4 Rxc8 44. Rxb4 Rc1 45. Rd3 Rh1 46. Rbd4 Rxh4
47. Kd5 h5 48. gxh5 Rxh5+ 49. Ke4 Re6+ 50. Kf3 Rh3+ 51. Kf2 Rxd3 52. Rxd3 Rb6
53. Ke3 g5 54. Ke4 Kg6 55. Kd5 g4 56. Kc5 Rb8 57. b4 f5 58. b5 f4 0-1

[Event "TCh-Moscow 2014"]
[Site "Moscow RUS"]
[Date "2014.10.02"]
[Round "4.1"]
[White "Novikov, Stanislav"]
[Black "Mikhailov, Viacheslav"]
[Result "1-0"]
[WhiteTitle "GM"]
[BlackTitle "FM"]
[WhiteElo "2559"]
[BlackElo "2355"]
[WhiteTeam "Palace"]
[BlackTeam "Boavista"]
[WhiteFideId "4125371"]
[BlackFideId "4187369"]
[EventDate "2014.09.27"]

1. e4 c5 2. Nf3 Nc6 3. Bb5 g6 4. O-O Bg7 5. c3 a6 6. Ba4 d6 7. d4 b5 8. Bb3 cxd4
9. cxd4 Nf6 10. e5 dxe5 11. Nxe5 Nxe5 12. dxe5 Qxd1 13. Rxd1 Nd7 14. f4 e6 15.
Nc3 Bb7 16. Be3 Bf8 17. Rac1 Rc8 18. Bc2 Bc5 19. Bxc5 Rxc5 20. Be4 Bxe4 21. Nxe4
Rxc1 22. Rxc1 O-O 23. Rc6 a5 24. Ra6 Rc8 25. Rxa5 Rc1+ 26. Kf2 Rc2+ 27. Kf3 Rxb2
28. Ra7 Nb6 29. Nd6 Nc4 30. Nxf7 Nd2+ 31. Kg4 Ne4 32. Kf3 Nd2+ 33. Kg4 Ne4 34.
Ng5 Nc5 35. Kf3 h6 36. Nh7 Na4 37. Nf6+ Kf8 38. h4 Rxa2 39. Nd7+ Ke8 40. Nc5
Ra3+ 41. Kf2 Ra2+ 42. Ke3 Nc3 43. Rxa2 Nxa2 44. Nxe6 b4 45. Nc5 Nc3 46. g4 Ke7
47. f5 gxf5 48. gxf5 Kf7 49. Kd4 Ne2+ 50. Ke3 Ng3 51. Kf4 Nh5+ 52. Kf3 Ng7 53.
Ke4 Ne8 54. f6 Nxf6+ 55. exf6 Kxf6 56. Kf4 Kg6 57. Kg4 Kf6 58. h5 Ke7 59. Kf5
Kd6 60. Nb3 Kd5 61. Kg6 Ke5 62. Kxh6 Kf6 63. Kh7 Kf7 64. h6 Kf8 65. Kg6 Kg8 66.
Nd4 Kh8 67. Nf3 1-0

[Event "TCh-Moscow 2014"]
[Site "Moscow RUS"]
[Date "2014.10.02"]
[Round "4.1"]
[White "Nefedov, Sergey"]
[Black "Gavrilov, Alexei1"]
[Result "0-1"]
[WhiteTitle "FM"]
[BlackTitle "GM"]
[WhiteElo "2298"]
[BlackElo "2489"]
[WhiteTeam "Boavista"]
[BlackTeam "Palace"]
[WhiteFideId "24113417"]
[BlackFideId "4104358"]
[EventDate "2014.09.27"]

1. d4 d5 2. Nf3 Nf6 3. c4 c6 4. Nc3 a6 5. cxd5 cxd5 6. Bf4 Nc6 7. e3 Bg4 8. Be2
e6 9. a3 Bd6 10. Bg3 O-O 11. O-O Rc8 12. Na4 Ne4 13. Nd2 Bxe2 14. Qxe2 Nxg3 15.
hxg3 Qa5 16. Nc5 Bxc5 17. Nb3 Qc7 18. Nxc5 e5 19. dxe5 Nxe5 20. b4 Rfd8 21. Rfd1
h6 22. Qh5 a5 23. Rac1 Qe7 24. Rd4 b6 25. Nb3 a4 26. Rxc8 Rxc8 27. Nd2 Rc1+ 28.
Kh2 Qe6 29. Nf3 f6 30. Nxe5 fxe5 31. Rg4 Kh7 32. f4 Rf1 33. Rg5 exf4 34. exf4 d4
35. Re5 Qg6 36. Qxg6+ Kxg6 37. Rd5 Rd1 38. g4 Kf6 39. Rd6+ Ke7 40. Rxb6 d3 41.
Rb7+ Kd6 42. Rb8 Kd5 43. Kg3 Ra1 44. Kf3 Rxa3 45. Ke3 d2+ 46. Kxd2 Rg3 47. Rc8
a3 48. Kc2 Rxg2+ 49. Kb3 a2 50. Ra8 Rxg4 51. Rxa2 Rxf4 52. Rc2 g5 53. b5 h5 54.
Rc8 Rf1 55. Rg8 Rg1 56. Rg6 Ke5 57. b6 Kf5 58. Rh6 Rb1+ 59. Kc2 Rb5 60. Rxh5
Rxb6 61. Kd2 Kg4 62. Rh8 Kg3 63. Ke3 Re6+ 64. Kd2 g4 65. Rh7 Kg2 66. Rg7 g3 67.
Rg5 Kf2 68. Rf5+ Kg1 69. Rg5 g2 70. Rh5 Kf2 71. Rf5+ Kg3 72. Rg5+ Kf3 73. Rg7
Re4 0-1

[Event "TCh-Moscow 2014"]
[Site "Moscow RUS"]
[Date "2014.10.02"]
[Round "4.1"]
[White "Kim, Alexey"]
[Black "Denishev, Marat"]
[Result "0-1"]
[WhiteTitle "GM"]
[WhiteElo "2488"]
[BlackElo "2183"]
[WhiteTeam "Palace"]
[BlackTeam "Boavista"]
[WhiteFideId "4129776"]
[BlackFideId "24131563"]
[EventDate "2014.09.27"]

1. e4 e6 2. Nf3 d5 3. Nc3 Nf6 4. e5 Nfd7 5. d4 a6 6. Bg5 Be7 7. h4 c5 8. dxc5
Nc6 9. Qe2 Nxc5 10. O-O-O b5 11. Qe3 b4 12. Bxe7 Qxe7 13. Ne2 Bd7 14. Nfd4 O-O
15. Nxc6 Bxc6 16. Nd4 Bd7 17. Bd3 a5 18. f3 a4 19. Qg5 f6 20. exf6 Qxf6 21. Rhe1
h6 22. Qxf6 gxf6 23. f4 Rf7 24. Bg6 Rg7 25. h5 f5 26. Re5 Ra6 27. g4 fxg4 28. f5
exf5 29. Nxf5 Rgxg6 30. Ne7+ Kg7 31. Nxg6 Be6 32. Nf4 Kf6 33. Re3 b3 34. cxb3
axb3 35. a3 Rd6 36. Rd4 Ne4 37. Rxb3 g3 38. Rxe4 dxe4 39. Rxg3 Bf7 40. b4 Ke5
41. Ng6+ Kd4 42. Rg1 Kc3 43. Nf4 Rf6 44. Rg3+ Kc4 45. Ne2 Rf3 46. Rg7 Bxh5 47.
Ng3 e3 48. b5 Kxb5 49. Kc2 Be8 50. Ne2 Kc5 51. Kc3 Rf2 52. Nc1 Bb5 53. a4 Bf1
54. Re7 Rf3 55. Re5+ Kd6 56. Rh5 Rf6 57. Nd3 Kc7 58. Rc5+ Kb7 59. Re5 Rc6+ 60.
Nc5+ Kb6 61. Kb4 e2 62. a5+ Kc7 63. Re3 0-1

[Event "TCh-Moscow 2014"]
[Site "Moscow RUS"]
[Date "2014.10.02"]
[Round "4.1"]
[White "Okun, Evgeny"]
[Black "Krapivin, Alexander"]
[Result "0-1"]
[BlackTitle "GM"]
[WhiteElo "2121"]
[BlackElo "2442"]
[WhiteTeam "Boavista"]
[BlackTeam "Palace"]
[WhiteFideId "24131806"]
[BlackFideId "4154720"]
[EventDate "2014.09.27"]

1. c4 b6 2. Nc3 Bb7 3. e4 e6 4. Nf3 Nf6 5. d3 d6 6. g3 Be7 7. Bg2 O-O 8. O-O c5
9. Re1 Nc6 10. b3 Nd7 11. d4 Bf6 12. Be3 Qe7 13. Rc1 Rfd8 14. h3 cxd4 15. Nxd4
Nxd4 16. Bxd4 Bxd4 17. Qxd4 Nc5 18. Qe3 e5 19. Nd5 Bxd5 20. cxd5 a5 21. a3 a4
22. b4 Nb3 23. Rc6 Nd4 24. Rec1 b5 25. Bf1 Rab8 26. Rc7 Rd7 27. R7c3 g6 28. h4
Rbb7 29. Rc8+ Rd8 30. h5 Rb8 31. R8c7 Rd7 32. R7c3 gxh5 33. Qh6 Kh8 34. Qxh5 Rg8
35. Bh3 Rg5 36. Qh6 Ne2+ 37. Kf1 Nxc3 38. Bxd7 Rg6 39. Qe3 Nxd5 40. Qa7 Ne3+ 41.
fxe3 Rxg3 42. Qb8+ Kg7 43. Rc8 Kh6 44. Bf5 Qh4 45. Qxd6+ Kh5 46. Ke2 Rg2+ 47.
Kd3 Qf2 48. Bg4+ Rxg4 49. Qxe5+ Kh4 50. Rc5 Qf1+ 51. Kc3 Qc1+ 52. Kd3 Qb1+ 53.
Rc2 Qd1+ 54. Rd2 Qb1+ 55. Kd4 Qa1+ 56. Kd5 Qxe5+ 57. Kxe5 Kg3 58. Rd7 h5 59.
Rxf7 h4 60. Rh7 h3 61. Rxh3+ Kxh3 62. Kd5 Kg3 63. e5 Kf3 64. Kc5 Kxe3 65. Kxb5
Kd4 66. Kxa4 Kc4 67. Ka5 Rg6 68. a4 Re6 69. b5 Kc5 70. b6 Rxb6 71. e6 Kc6 72. e7
Rb8 0-1

[Event "TCh-Moscow 2014"]
[Site "Moscow RUS"]
[Date "2014.10.02"]
[Round "4.3"]
[White "Shorokhov, Alexandr"]
[Black "Mozharov, Mikhail"]
[Result "1/2-1/2"]
[WhiteTitle "IM"]
[BlackTitle "GM"]
[WhiteElo "2446"]
[BlackElo "2555"]
[WhiteTeam "VNIIAvtomatiki"]
[BlackTeam "Academy GMs I & V Glek"]
[WhiteFideId "4152590"]
[BlackFideId "4189825"]
[EventDate "2014.09.27"]

1. e4 e5 2. Nf3 Nc6 3. Bb5 Nge7 4. c3 a6 5. Ba4 g6 6. d4 exd4 7. cxd4 b5 8. Bb3
Bg7 9. Nc3 d6 10. d5 Na5 11. Bc2 O-O 12. O-O Nc4 13. Nd4 Bb7 14. b3 c5 15. dxc6
Nxc6 16. Nde2 Nb6 17. Bb2 d5 18. exd5 Nb4 19. Be4 N6xd5 20. Qb1 Nxc3 21. Bxc3
Bxe4 22. Qxe4 Re8 23. Qxb4 Rxe2 24. Bxg7 Kxg7 25. a4 bxa4 26. Rxa4 Qf6 27. Qc4
Re6 28. g3 Rd8 29. Qf4 Qb2 30. Qc1 Rd2 31. Qxb2+ Rxb2 32. Rfa1 Rf6 33. f4 Rc6
34. R4a2 Rc1+ 35. Rxc1 Rxa2 36. Rc6 h5 37. b4 Kh6 38. Rc7 h4 39. gxh4 f5 40. h3
Ra4 41. Kf2 Rxb4 42. Kg3 Rb3+ 43. Kg2 a5 44. Ra7 Ra3 45. Kh2 Ra2+ 46. Kg3 Ra4
47. Kf3 Ra1 48. Kg2 a4 49. Kh2 a3 50. Kg3 Ra2 51. Kf3 Ra1 52. Kg3 Ra2 1/2-1/2

[Event "TCh-Moscow 2014"]
[Site "Moscow RUS"]
[Date "2014.10.02"]
[Round "4.3"]
[White "Sychev, Klementy"]
[Black "Nikolenko, Oleg"]
[Result "1-0"]
[BlackTitle "GM"]
[WhiteElo "2407"]
[BlackElo "2515"]
[WhiteTeam "Academy GMs I & V Glek"]
[BlackTeam "VNIIAvtomatiki"]
[WhiteFideId "4114060"]
[BlackFideId "4101880"]
[EventDate "2014.09.27"]

1. d4 Nf6 2. c4 e6 3. Nf3 Bb4+ 4. Nbd2 b6 5. a3 Bxd2+ 6. Bxd2 Bb7 7. g3 c5 8.
dxc5 bxc5 9. Bg2 O-O 10. O-O d5 11. cxd5 Bxd5 12. Rc1 Nbd7 13. b4 c4 14. Bc3 Rc8
15. Qd4 Qb6 16. Rfd1 Rfd8 17. Bf1 Qxd4 18. Nxd4 Ne4 19. Be1 Nb6 20. f3 Nd6 21.
e4 Bb7 22. g4 a6 23. Bh4 Rd7 24. Bf2 Na4 25. Nc2 e5 26. Ne3 Nb2 27. Nxc4 Nxd1
28. Rxd1 Rcd8 29. Nxe5 Re7 30. Nc4 Red7 31. Nb6 Re7 32. Bg3 Bxe4 33. fxe4 1-0

[Event "TCh-Moscow 2014"]
[Site "Moscow RUS"]
[Date "2014.10.02"]
[Round "4.3"]
[White "Saulin, Dmitri"]
[Black "Glek, Igor"]
[Result "1/2-1/2"]
[WhiteTitle "IM"]
[BlackTitle "GM"]
[WhiteElo "2417"]
[BlackElo "2434"]
[WhiteTeam "VNIIAvtomatiki"]
[BlackTeam "Academy GMs I & V Glek"]
[WhiteFideId "4118995"]
[BlackFideId "4100484"]
[EventDate "2014.09.27"]

1. c4 e5 2. g3 Nf6 3. Bg2 h6 4. Nf3 e4 5. Nd4 Nc6 6. Nc2 Bc5 7. Nc3 Qe7 8. O-O
O-O 9. d4 exd3 10. exd3 Nd4 11. Re1 Qd8 12. Nxd4 Bxd4 13. Ne2 Bb6 14. b4 c6 15.
Bb2 d5 16. Nf4 a5 17. a3 dxc4 18. dxc4 Qxd1 19. Raxd1 axb4 20. axb4 Bg4 21. Rd2
Rfe8 22. Rxe8+ Rxe8 23. h3 Re1+ 24. Kh2 Rd1 25. Rxd1 Bxd1 1/2-1/2